000 01020nam1a22002531 4500
001 rc\2873132
005 20110715145101.7
035 _a(NLR Aleph) 007026382
090 _a5959515
_c5959515
100 _a20110715d1932 |||y0rusy50 ca
101 0 _arus
102 _aRU
105 _ay z |||||
200 1 _aИз трудов съезда
_eВып. 1
_fПод общ. ред. В.В. Елистратова и проф. М.М. Тетяева
_gПервый Восточносибирск. краев. науч.-исслед. съезд
210 _aМосква
_aИркутск
_cОгиз
_d1932
_eИркутск
_gтип. Крайгиза
215 _d22 см
702 1 _aЕлистратов
_bВ. В.
_4340
702 1 _aТетяев
_bМ. М.
_4340
710 1 2 _aВосточно-Сибирский краевой научно-исследовательский съезд
_d1
_eИркутск
_f1931
801 0 _aRU
_bNLR
_gpsbo
801 1 _aRU
_bELAR
_2rusmarc
852 _aNLR
_j33-17/32
942 _cBOOK
980 _aNB